00691nam a2200241 a 4500001001300000003000900013005001700022008004100039020001000080082001800090100001900108245004700127260003400174300000800208500003500216505001000251650002300261700001900284902000800303942000700311952011800318999001300436nice12345678IN_TiNIC20260116011321.0050524s1963 oxfa grp 000 0 eng  ac10000a297.1229bBEE aBeeston, A F L aBaidawi`s Commentary on Surah of the Quran aOxfordbClarendon Pressc1963 a98p aincludes index and biblioraphy2 aIndex aQuran-Hermeneutics1 aBeeston, A F L bSRS cBK 001040708StackRoom-aHMIbHMId2007-08-07g100.00l0o297.1229 BEEp02576r2007-08-07v100.00w2005-05-24yBK c454d454